000
00269nam a22001217a 4500
082
_a
530
_b
SAT/S
100
_a
SATISH CBSE SERIES
245
_a
CBSE PHYSICS
_b
FOR CLASS XII
260
_a
DELHI
_b
CBSE
300
_a
456
650
_a
PHYSICS FOR CLASS XII
_z
INDIA
942
_c
BK
999
_c
683
_d
683